[Event "OEsterreichische Damenbundesliga 2014/2015"]
[Site "Hartkirchen, St. Veit, Mayrhofen"]
[Date "2015.03.21"]
[Round "9"]
[Board "2"]
[White "Schmidbauer, Andrea"]
[Black "Bernhard, Julia"]
[Result "1-0"]
[WhiteElo "1886"]
[BlackElo "1754"]
[PlyCount "61"]
[EventDate "2014.10.03"]
[EventType "team"]
[EventRounds "9"]
[EventCountry "AUT"]
[WhiteTeam "SV Schachamazonen"]
[BlackTeam "SpG Steyr 2"]

1. Nf3 Nf6 2. g3 g6 3. Bg2 Bg7 4. O-O O-O 5. c4 d6 6. Nc3 e5 7. d3 Nbd7 8. Rb1
a5 9. h3 c6 10. e4 Re8 11. Re1 Nc5 12. a3 a4 13. Be3 Nfd7 14. d4 exd4 15. Bxd4
Bxd4 16. Qxd4 Nb6 17. e5 Nb3 18. Qxd6 Nxc4 19. Qb4 Nb6 20. Nxa4 Rxa4 21. Qxb3
Be6 22. Qd1 Qc8 23. Ng5 Rd8 24. Qf3 Bf5 25. Qb3 Qc7 26. e6 Rd3 27. exf7+ Kg7
28. Re8 Nd7 29. Rg8+ Kh6 30. Qxa4 Qd6 31. Qh4# 1-0

[Event "OEsterreichische Damenbundesliga 2014/2015"]
[Site "Hartkirchen, St. Veit, Mayrhofen"]
[Date "2015.03.21"]
[Round "9"]
[Board "1"]
[White "Kopinits, Anna-Christina"]
[Black "Trippold, Denise"]
[Result "1-0"]
[WhiteElo "2225"]
[BlackElo "2043"]
[PlyCount "97"]
[EventDate "2014.10.03"]
[EventType "team"]
[EventRounds "9"]
[EventCountry "AUT"]
[WhiteTeam "ASVOE Wulkaprodersdorf"]
[BlackTeam "SK Advisory Invest Baden"]

1. e4 c5 2. Nf3 e6 3. g3 Nc6 4. Bg2 d6 5. O-O Bd7 6. b3 Nf6 7. Re1 Be7 8. Bb2
O-O 9. d4 cxd4 10. Nxd4 a6 11. c4 Nxd4 12. Qxd4 Bc6 13. a4 b6 14. Nc3 Qc7 15.
b4 Rac8 16. Rec1 Rfe8 17. Nd5 Bxd5 18. cxd5 Qb7 19. Bf1 exd5 20. exd5 Qxd5 21.
Bxa6 Rxc1+ 22. Rxc1 Qb3 23. Bb5 Rb8 24. Rc7 Qe6 25. Bc3 Bf8 26. Bd2 h6 27. Rc6
Qf5 28. Qd3 Qg4 29. f3 Qe6 30. Bc4 Qe8 31. Bb5 Qe6 32. Qc4 Qe5 33. Qc3 Qf5 34.
Bd3 Qe6 35. Kg2 Qe7 36. Rc7 Qe6 37. Qc4 d5 38. Qc6 Qe5 39. Rc8 Rxc8 40. Qxc8
Qd4 41. Qc3 Qxc3 42. Bxc3 Bd6 43. Kf2 Kf8 44. Ke3 Ke7 45. Bb5 h5 46. a5 bxa5
47. bxa5 Ne8 48. Bxe8 Kxe8 49. a6 1-0

[Event "OEsterreichische Damenbundesliga 2014/2015"]
[Site "Hartkirchen, St. Veit, Mayrhofen"]
[Date "2015.03.21"]
[Round "9"]
[Board "2"]
[White "Stallinger, Vanessa"]
[Black "Exler, Veronika"]
[Result "0-1"]
[WhiteElo "1572"]
[BlackElo "2213"]
[PlyCount "42"]
[EventDate "2014.10.03"]
[EventType "team"]
[EventRounds "9"]
[EventCountry "AUT"]
[WhiteTeam "SK Advisory Invest Baden"]
[BlackTeam "ASVOE Wulkaprodersdorf"]

1. e4 c6 2. c4 d5 3. cxd5 cxd5 4. exd5 Nf6 5. Nc3 Nxd5 6. Nf3 e6 7. d4 Nc6 8.
Bd3 Be7 9. O-O O-O 10. a3 Bf6 11. Ne2 Qb6 12. Bc2 Rd8 13. Qd3 g6 14. Rd1 Nde7
15. Qe3 Nd5 16. Qd3 Bd7 17. Rb1 Rac8 18. Ng5 Nxd4 19. Nxd4 Bxd4 20. Qf3 f6 21.
Bxg6 hxg6 0-1

[Event "OEsterreichische Damenbundesliga 2014/2015"]
[Site "Hartkirchen, St. Veit, Mayrhofen"]
[Date "2015.03.21"]
[Round "9"]
[Board "1"]
[White "Tarmastin, Laura"]
[Black "Hapala, Elisabeth"]
[Result "1/2-1/2"]
[WhiteElo "1832"]
[BlackElo "2074"]
[PlyCount "78"]
[EventDate "2014.10.03"]
[EventType "team"]
[EventRounds "9"]
[EventCountry "AUT"]
[WhiteTeam "SV Autohof St. Veit/Glan"]
[BlackTeam "ASVOE Pamhagen"]

1. e4 c5 2. Nf3 e6 3. d4 cxd4 4. Nxd4 Nc6 5. c4 a6 6. a3 Qc7 7. Nc3 Nf6 8. Be3
d6 9. Be2 Be7 10. O-O Ne5 11. Rc1 b6 12. f4 Ned7 13. Bf3 Bb7 14. Qe1 O-O 15.
Qg3 Nc5 16. f5 e5 17. Bh6 Ne8 18. Nc2 Kh8 19. Be3 Nf6 20. Nd5 Bxd5 21. exd5 Nd3
22. Nb4 Nxc1 23. Rxc1 Nd7 24. Nc6 Bf6 25. Be4 a5 26. Qf3 Nb8 27. a4 Nd7 28. b3
Nc5 29. Rc3 Rae8 30. Bd2 Qd7 31. g4 Nxe4 32. Qxe4 g6 33. Rh3 Rg8 34. Kf2 Ref8
35. Be3 Qb7 36. g5 Bd8 37. Qh4 f6 38. Nxd8 Rxd8 39. gxf6 Qf7 1/2-1/2

[Event "OEsterreichische Damenbundesliga 2014/2015"]
[Site "Hartkirchen, St. Veit, Mayrhofen"]
[Date "2015.03.21"]
[Round "9"]
[Board "2"]
[White "Horvath, Maria"]
[Black "Krassnitzer, Maria"]
[Result "1-0"]
[WhiteElo "2033"]
[BlackElo "1560"]
[PlyCount "83"]
[EventDate "2014.10.03"]
[EventType "team"]
[EventRounds "9"]
[EventCountry "AUT"]
[WhiteTeam "ASVOE Pamhagen"]
[BlackTeam "SV Autohof St. Veit/Glan"]

1. d4 Nf6 2. c4 g6 3. Nc3 Bg7 4. e4 d6 5. f3 O-O 6. Be3 Nc6 7. Nge2 e5 8. d5
Na5 9. Nc1 b6 10. b4 Nb7 11. Nb3 a5 12. a3 Ne8 13. Bd3 f5 14. Rc1 f4 15. Bf2
Qg5 16. Bf1 Qh5 17. Rc2 g5 18. Nc1 Nf6 19. Nd3 g4 20. Be2 g3 21. Bg1 Qh4 22. h3
axb4 23. axb4 Bd7 24. c5 bxc5 25. bxc5 Ba4 26. Nxa4 Rxa4 27. Rb2 Nxc5 28. Bxc5
Ra5 29. Bb4 Ra7 30. Bc3 Rfa8 31. Kd2 Bh6 32. Kc2 Nd7 33. Qb1 Nb6 34. Rc1 Nc4
35. Rb8+ Kf7 36. Kd1 Ne3+ 37. Kd2 Nxg2 38. Rxa8 Rxa8 39. Bxe5 Ra7 40. Bd4 Ra8
41. Rxc7+ Kg6 42. e5 1-0

[Event "OEsterreichische Damenbundesliga 2014/2015"]
[Site "Hartkirchen, St. Veit, Mayrhofen"]
[Date "2015.03.21"]
[Round "9"]
[Board "1"]
[White "Landl, Margot"]
[Black "Horvath, Reka"]
[Result "1-0"]
[WhiteElo "1804"]
[BlackElo "2012"]
[PlyCount "79"]
[EventDate "2014.10.03"]
[EventType "team"]
[EventRounds "9"]
[EventCountry "AUT"]
[WhiteTeam "SC Pinggau Friedberg"]
[BlackTeam "SpG Feldbach-Kirchberg"]

1. e4 c5 2. Nc3 Nc6 3. g3 g6 4. Bg2 Bg7 5. d3 d6 6. Be3 e6 7. Qd2 Nd4 8. Nd1
Rb8 9. c3 Nc6 10. Ne2 Ne5 11. O-O Ng4 12. d4 Nxe3 13. Nxe3 Ne7 14. dxc5 dxc5
15. Qxd8+ Kxd8 16. Rad1+ Kc7 17. Nc4 Bd7 18. Nd6 Rhf8 19. f4 f5 20. Rd2 Rbd8
21. Rfd1 Bc6 22. e5 Nd5 23. Kf2 a6 24. Bf3 g5 25. c4 Ne7 26. Nxb7 Rxd2 27. Rxd2
Bxb7 28. Bxb7 a5 29. Bf3 Rb8 30. Nc3 gxf4 31. gxf4 Ng6 32. Nb5+ Kc8 33. Bc6
Nxf4 34. Rd7 Rxb5 35. cxb5 Bxe5 36. b6 Nh3+ 37. Kf1 f4 38. Rxh7 Ng5 39. Ra7 Bb8
40. Rg7 1-0

[Event "OEsterreichische Damenbundesliga 2014/2015"]
[Site "Hartkirchen, St. Veit, Mayrhofen"]
[Date "2015.03.21"]
[Round "9"]
[Board "1"]
[White "Molnar, Monika"]
[Black "Schnegg, Anna-Lena"]
[Result "0-1"]
[WhiteElo "1914"]
[BlackElo "2072"]
[PlyCount "74"]
[EventDate "2014.10.03"]
[EventType "team"]
[EventRounds "9"]
[EventCountry "AUT"]
[WhiteTeam "Spg Steyr 1"]
[BlackTeam "Mayrhofen/SK Zell/Zillertal"]

1. e4 e5 2. Nf3 Nc6 3. Bc4 Bc5 4. O-O Nf6 5. Nc3 d6 6. h3 h6 7. Qe2 a6 8. d3
Na5 9. Be3 Bxe3 10. Qxe3 b5 11. Bb3 Nxb3 12. axb3 Bd7 13. Nh2 O-O 14. Ne2 Qe7
15. f4 exf4 16. Nxf4 c5 17. Rae1 Bc6 18. Qg3 Rae8 19. Nf3 Kh7 20. Nh4 g5 21.
Nf5 Qe5 22. h4 g4 23. Qe3 Ng8 24. Nh5 Bd7 25. Nhg3 Re6 26. h5 Ne7 27. Nxe7 Rxe7
28. Nf5 Bxf5 29. Rxf5 Qxf5 30. exf5 Rxe3 31. Rxe3 Kg7 32. Re7 Rd8 33. Ra7 Kf6
34. Kf2 Kxf5 35. Rxf7+ Kg5 36. Rg7+ Kxh5 37. Kg3 Re8 {Flag!!} 0-1

[Event "OEsterreichische Damenbundesliga 2014/2015"]
[Site "Hartkirchen, St. Veit, Mayrhofen"]
[Date "2015.03.21"]
[Round "9"]
[Board "2"]
[White "Eichhorner, Isabella"]
[Black "Nagy, Laura"]
[Result "0-1"]
[WhiteElo "1233"]
[BlackElo "1880"]
[PlyCount "54"]
[EventDate "2014.10.03"]
[EventType "team"]
[EventRounds "9"]
[EventCountry "AUT"]
[WhiteTeam "Mayrhofen/SK Zell/Zillertal"]
[BlackTeam "Spg Steyr 1"]

1. e4 e5 2. Nf3 Nc6 3. Bc4 Bc5 4. d3 h6 5. Nc3 d6 6. Bd2 Nf6 7. Bb5 O-O 8. Qe2
Nd4 9. Nxd4 exd4 10. Na4 c6 11. Nxc5 dxc5 12. Ba4 a5 13. c3 b5 14. Bc2 Ba6 15.
O-O Re8 16. f3 c4 17. dxc4 bxc4 18. Qf2 d3 19. Ba4 Bb5 20. Bxb5 cxb5 21. Rfe1
Re6 22. Be3 Nh5 23. Red1 Qf6 24. Bd4 Qg5 25. Be3 Qg6 26. f4 Qxe4 27. b3 Qxe3
 0-1